000 00360nam a2200133Ia 4500
008 190216s9999||||xx |||||||||||||| ||und||
100 _aRavi Kant Taxali
245 0 _aDbase Iii Plus Made Simple With Dbase Iv And Foxbase +
250 _a1st Ed.
260 _bTata Mcgraw Hill Publishing Company Ltd
_c1995
300 _a470
650 _aComputer
942 _cBK
999 _c8504
_d8504